000 00259nam a2200097Ia 4500
001 1251153
005 20251031150910.0
008 251031s9999 xx 000 0 und d
245 0 _cMERVE ŞAHİNKAYA
_aI-4 EBEVEYNLİK TEFEKKÜRLERİ
260 _bCEZVE YAYINLARI
999 _c1251153
_d1251153